| 000 | 00527nam a2200157 a 4500 | ||
|---|---|---|---|
| 008 | 120416s1990 ||||||||||||||||| || u | ||
| 020 | _a0534981550 | ||
| 050 | _aTA 775 Das | ||
| 100 | _aDas, Braja M., 1941 | ||
| 245 | 1 | 0 | _aPrinciples of foundation engineering |
| 250 | _a2nd ed. | ||
| 260 |
_aBoston _bPWS-KENT Pub _c1990 |
||
| 300 | _axvii, 731p. : ill. | ||
| 350 | _a0.00 | ||
| 995 |
_D0.00 _FCBU-MAIN LIBRARY (Kitwe) _H1 _I19.95 _M1 _UDAMAGED _ZMain Library Open Access Collection |
||
| 999 |
_c54577 _d54577 |
||